• 首页
  • 本馆介绍
  • 公告通知
  • 最新文献
  • 馆藏检索
  • 电子资源
  • 读者导购
  • 参考咨询
  • 我的图书馆
  • 登录
  • 详细信息显示
  • 放入我的书架
  • 预约/预借图书
  • 作者相关作品
  • 分类相关作品
  • 丛书相关作品
  • 出版社相关作品

书目信息

  • 表格格式
  • 工作单格式
  • 卡片格式
题名:
层析显色试剂手册
    
 
作者: 曹治权 编著
分册:  
出版信息: 北京   中国商业出版社  1986
页数: 185页
开本: 19cm
丛书名:
单 册:
中图分类: O658.1-62
科图分类:
主题词: 色谱试剂-手册 , 手册-色谱试剂 , 分析化学 , 分析(化学)
电子资源:
ISBN:
000 00726nam0 2200277 45
001 0186011352
005 20040629172838.2
010    @dCNY1.25
091    @a13237.034
100    @a19900818d1986 emky0chiy0121 ea
101 0  @achi
102    @aCN@b110000
105    @ay z 000yy
106    @ar
200 10 @a层析显色试剂手册@Aceng xi xian se shi ji shou ce@f曹治权编著
210    @a北京@c中国商业出版社@d1986
215    @a185页@d19cm
606    @a色谱试剂-手册
606    @a手册-色谱试剂
606 0  @a分析化学
606 0  @a分析(化学)
690    @aO658.1-62@v3
701  0 @a曹治权@Acao zhi quan@4编著
801  0 @aCN@b深圳图书馆@c20040520
801  2 @aCN@bNLC@c20040520
905    @dO658.1-62@e14@f1@b212888
    
    层析显色试剂手册/曹治权编著.-北京:中国商业出版社,1986
    185页;19cm
    
    
    ISBN :CNY1.25
    
●
相关链接 在E读中查询图书 在五车中查询图书 在当当中查询图书 在豆瓣中查询图书


正题名:层析显色试剂手册     索取号:O658.1-62/14         预约/预借

序号 登录号 条形码 馆藏地/架位号 状态 备注
1 0212887   000630295   第三借阅区/ [索取号:O658.1-62/14] 在馆    
2 0212888   001934795   第三借阅区/ [索取号:O658.1-62/14] 在馆    
3 0212889   000630286   第二样本阅览室/ [索取号:O658.1-62/14] 在馆    
唐山师范学院图书馆 欢迎您!
大连网信软件有限公司© 版权所有